| 000 | 01656nam a2200313 4500 | ||
|---|---|---|---|
| 003 | EC-UNACH | ||
| 005 | 20251120181445.0 | ||
| 006 | s||||gr|||| 00| 00 | ||
| 008 | 150116t9999 mx r gr 000 0 spa d | ||
| 020 | _a978-1-4377-2002-0 | ||
| 040 |
_aEC-UNACH _cEC-UNACH |
||
| 041 | _aspa | ||
| 082 | 0 | 4 |
_223 _a571.86 _bL018350 |
| 110 | _aEl Sevier Ediciones | ||
| 245 | _aEmbriología Clínica | ||
| 250 | _aNovena edición | ||
| 264 |
_aEspaña _bEl Sevier Ediciones _c2013 |
||
| 300 | _a539 | ||
| 505 | _a1 - Introducción al ser humano en desarrollo 2 - Primera semana del desarrollo humano 3 - Segunda semana del desarrollo humano 4 - Tercera semana del desarrollo humano 5 - Cuarta a la octava semana del desarrollo humano 6 - Período fetal: desde la novena semana hasta el nacimiento 7 - Placenta y membranas fetales 8 - Cavidades corporales y diafragma 9 - Aparato faríngeo, cara y cuello 10 - Sistema respiratorio 11 - Sistema alimentario 12 - Sistema urogenital 13 - Sistema cardiovascular 14 - Sistema esquelético 15 - Sistema muscular 16 - Desarrollo de los miembros 17- Sistema nervioso 18 - Desarrollo de los ojos y los oídos 19 - Sistema tegumentario 20 - Malformaciones congénitas humanas 21 - Vías habituales de señalización que participan en el desarrollo. | ||
| 650 | _aPERIODOS DEL DESARROLLO | ||
| 650 | _aASPECTOS HISTORICOS | ||
| 650 | _aGENETICA Y DESARROLLO HUMANO | ||
| 700 | _aKeith L. Moore / T.V.N Persaud / Mark G. Torchia | ||
| 942 |
_2ddc _c1 |
||
| 999 | _c14207 | ||